| 000 | 01263cam a22003377a 4500 | ||
|---|---|---|---|
| 001 | 124036 | ||
| 003 | OSt | ||
| 005 | 20230704160930.0 | ||
| 008 | 970327s1996 nyu 000 0 eng d | ||
| 010 | _a 97133544 | ||
| 020 | _a9211166578 | ||
| 035 | _a(NjP)notisCCK2330 | ||
| 035 | _a(CStRLIN)NJPG97-B1579 | ||
| 040 |
_aNjP _cNjP |
||
| 042 | _alccopycat | ||
| 082 |
_a363.7 _bECE |
||
| 130 | 0 |
_aConvention on Long-Range Transboundary Air Pollution _d(1979). _kProtocols, etc. |
|
| 245 | 1 | 0 | _a1979 Convention on Long-range Transboundary Air Pollution and its protocols. |
| 246 | 3 | _aNineteen seventy nine Convention on Long-range Transboundary Air Pollution and its protocols | |
| 260 |
_aNew York : _bUnited Nations, _c1996. |
||
| 300 |
_av, 79 p. ; _c30 cm. |
||
| 500 | _aAt head of title: Economic Commission for Europe. | ||
| 500 | _aUN sales publication no. E.96.II.E.24. | ||
| 650 | 0 |
_aAir _xPollution _xLaw and legislation. |
|
| 650 | 0 |
_aTransboundary pollution _xLaw and legislation. |
|
| 650 | 0 |
_aAir quality management _xInternational cooperation. |
|
| 710 | 2 |
_aUnited Nations. _bEconomic Commission for Europe. |
|
| 906 |
_a7 _bcbc _ccopycat _d3 _encip _f19 _gy-gencatlg |
||
| 942 |
_2ddc _cBK |
||
| 999 |
_c3931 _d3931 |
||